Điều lệ Đảng từ đại hội đến đại hội : Lý luận và thực tiễn

Sách trình bày có hệ thống những vấn đề lý luận và thực tiễn mà Đảng ta đã vận dụng sáng tạo và phát triển các nguyên lý cơ bản của chủ nghĩa Mác - Lênin và tư tưởng Hồ Chí Minh về xây dựng Đảng....

Descripció completa

Guardat en:
Dades bibliogràfiques
Autor principal: Lê, Huy Bảo
Format: Llibre
Idioma:Undetermined
Publicat: Hà Nội Chính trị Quốc gia 2006
Matèries:
Etiquetes: Afegir etiqueta
Sense etiquetes, Sigues el primer a etiquetar aquest registre!
Thư viện lưu trữ: Trung tâm Học liệu Trường Đại học Cần Thơ
LEADER 00996nam a2200229Ia 4500
001 CTU_120975
008 210402s9999 xx 000 0 und d
020 |c 45000 
082 |a 324.2597075 
082 |b B108 
100 |a Lê, Huy Bảo 
245 0 |a Điều lệ Đảng từ đại hội đến đại hội : 
245 0 |b Lý luận và thực tiễn 
245 0 |c Lê Huy Bảo 
260 |a Hà Nội 
260 |b Chính trị Quốc gia 
260 |c 2006 
520 |a Sách trình bày có hệ thống những vấn đề lý luận và thực tiễn mà Đảng ta đã vận dụng sáng tạo và phát triển các nguyên lý cơ bản của chủ nghĩa Mác - Lênin và tư tưởng Hồ Chí Minh về xây dựng Đảng. 
650 |a Communist parties,Political parties 
650 |z Vietnam,Vietnam 
904 |i Tuyến 
980 |a Trung tâm Học liệu Trường Đại học Cần Thơ